Encyclopedia of semiconductor technology

Saved in:
Bibliographic Details
Main Author: Grayson, Martin
Format: Book
Language:Undetermined
Published: New York John Wiley & Sons, Inc. 1984
Subjects:
Tags: Add Tag
No Tags, Be the first to tag this record!
Institutions: Trung tâm Học liệu Trường Đại học Cần Thơ
LEADER 00499nam a2200181Ia 4500
001 CTU_82996
008 210402s9999 xx 000 0 und d
082 |a 621.38103 
082 |b G784 
100 |a Grayson, Martin 
245 0 |a Encyclopedia of semiconductor technology 
245 0 |c Martin Grayson 
260 |a New York 
260 |b John Wiley & Sons, Inc. 
260 |c 1984 
650 |a Semiconductors 
904 |i QHieu(sửa) 
980 |a Trung tâm Học liệu Trường Đại học Cần Thơ